[Event "SVK-chT2D 2122"]
[Site "Slovakia"]
[Date "2022.03.27"]
[Round "9.8"]
[White "Badanic, Tomas"]
[Black "Krasnay, Milan"]
[Result "1-0"]
[WhiteElo "1331"]
[BlackElo "1816"]
[PlyCount "110"]
[EventDate "2021.10.16"]
[EventType "team-tourn"]
[EventRounds "11"]
[EventCountry "SVK"]
[SourceTitle "EXT 2023"]
[Source "ChessBase"]
[SourceDate "2022.10.05"]
[SourceVersion "1"]
[SourceVersionDate "2022.10.05"]
[SourceQuality "1"]
[WhiteTeam "Presov Slavia PU"]
[BlackTeam "Kosice 1 CC"]
[WhiteTeamCountry "SVK"]
[BlackTeamCountry "SVK"]

1. e4 d6 2. Nf3 Nf6 3. d3 g6 4. Be2 Bg4 5. Be3 Bg7 6. Nc3 0-0 7. Qd2 Re8 8. h3 Bxf3 9. Bxf3 e5 10. Bg5 c6 11. h4 Nbd7 12. h5 Qa5 13. hxg6 fxg6 14. 0-0-0 b5 15. Kb1 b4 16. Ne2 Nc5 17. Rh3 Na4 18. Rdh1 Re7 19. Rxh7 Nxh7 20. Bxe7 Qc5 21. c3 Rb8 22. cxb4 Rxb4 23. b3 Rb7 24. Rc1 Qxf2 25. Bxd6 c5 26. Qa5 Rb6 27. Qxa4 Rxd6 28. Qxa7 Rxd3 29. Rc2 Bh6 30. Qxc5 Rd1+ 31. Kb2 Be3 32. Qxe5 Qf1 33. Nc3 Bc1+ 34. Rxc1 Rxc1 35. Qe6+ Kg7 36. e5 Ra1 37. Qd7+ Kh6 38. Qd2+ Kg7 39. Ne4 Rb1+ 40. Kc2 Ra1 41. Nc3 Nf8 42. Bd5 Re1 43. Qd4 Qf5+ 44. Be4 Ne6 45. Bxf5 Nxd4+ 46. Kd2 Rxe5 47. Be4 Nb5 48. Bf3 Nd6 49. Kd3 g5 50. Kd4 Ra5 51. a4 Kf6 52. b4 Re5 53. b5 Nf5+ 54. Kd3 Nd6 55. b6 Re7 1-0